| 000 | 00517nam a2200193Ia 4500 | ||
|---|---|---|---|
| 001 | 32989 | ||
| 003 | IN-NITTTR | ||
| 005 | 20251114233436.0 | ||
| 008 | 251113s9999||||xx |||||||||||||| ||eng|| | ||
| 040 | _beng | ||
| 040 | _cIN-NITTTR | ||
| 041 | _aeng | ||
| 082 | _aQA76.76.A65 | ||
| 100 | _aQiu, Meikang | ||
| 245 | 0 |
_aMobile Applications Development with Android : _b Technologies and Algorithms / _cQiu, Meikang, Dai, Wenyun, Gai, Keke |
|
| 700 | _a Dai, Wenyun | ||
| 700 | _a Gai, Keke | ||
| 942 |
_2ddc _cBK |
||
| 999 |
_c35595 _d35595 |
||